000 01800nam a2200421 c 4500
999 _c190204
_d190204
003 BLK
005 20230118180930.0
008 180411b bul|||||r ||||||| ||bul||
010 _aKNG00199313000
020 _a9786197300079
040 _aBLK
041 _aBUL
_cBUL
072 7 _2bullib
_aН62
_xПриложни науки. Техника Н
080 _aКосмическа техника. Космонавтика
_b629.78
_x(73)(092)
_z629.78(73)(092)
080 _aАмерикански пилот и астронавт, първият човек стъпил на Луната
_b929 Армстронг, Нийл Олдън
_z929 Армстронг, Нийл Олдън
100 1 _aХенсън, Джеймс
_eпърви автор
_9345096
139 _aХенсън, Джеймс
_bА 86
245 1 0 _aПървият човек
_bЖивотът на Нийл Армстронг
_cДжеймс Хенсън; прев. от англ. Майя Пашова.
257 _aUSA
260 _aСофия
_bВакон
_c2016
300 _a512 с.
_c21 см
380 _a62
500 _aОриг. загл. First Man : The Life of Neil A. Armstrong / James R. Hansen.
600 1 4 _aАрмстронг, Нийл Олдън
_9345098
650 4 _aАрмстронг, Нийл
_9345099
650 4 _aКосмонавти, американски
_9345100
651 4 _aСАЩ
_9179493
653 _aНийл Армстронг
653 _aкосмонавти
653 _aбиографии
659 _aН
700 1 _aПашова, Майя
_eпрев. от англ.
_9345097
852 _aЦб 284083
856 4 _qpdf
856 4 _qpdf
942 _cKNG
_n0
_012
_s1
944 _aCR
_c19.01.2017
_lф /
_kВиолета_Тройчева
944 _aED
_c06.02.2017
_lф /
_kЛюдмила_Стоянова
999 _d190204
999 _d190204
999 _d190204